Ziegler, Bernard P. (Record no. 365)
[ view plain ]
| 000 -LEADER | |
|---|---|
| fixed length control field | 00492nam a2200145Ia 4500 |
| 008 - FIXED-LENGTH DATA ELEMENTS--GENERAL INFORMATION | |
| fixed length control field | 151015s9999 xx 000 0 und d |
| 050 ## - LIBRARY OF CONGRESS CALL NUMBER | |
| Classification number | QA76.15.C65 Z44 2000 |
| 245 ## - TITLE STATEMENT | |
| Title | Ziegler, Bernard P. |
| 250 ## - EDITION STATEMENT | |
| Edition statement | _Theory of modeling and simulation integrating discrete event and continuous complex dynamic systems |
| 260 ## - PUBLICATION, DISTRIBUTION, ETC. (IMPRINT) | |
| Place of publication, distribution, etc. | 2nd. ed. |
| 300 ## - PHYSICAL DESCRIPTION | |
| Extent | New Delhi Academics Press 2000 |
| 500 ## - GENERAL NOTE | |
| General note | incliudes index |
| 650 ## - SUBJECT ADDED ENTRY--TOPICAL TERM | |
| Topical term or geographic name as entry element | _Modeling and simulation |
| 700 ## - ADDED ENTRY--PERSONAL NAME | |
| Personal name | ^d20101215 04:03:31^oTiampati |
No items available.